[Event "EU-ch (Women) 24th"]
[Site "Rhodes"]
[Date "2024.04.26"]
[Round "7"]
[White "Lehaci, Miruna Daria"]
[Black "Guillo Longares, Cecilia"]
[Result "1-0"]
[WhiteElo "2242"]
[BlackElo "2101"]
[PlyCount "55"]
[EventDate "2024.04.19"]
[EventType "swiss"]
[EventRounds "10"]
[EventCountry "GRE"]
[SourceTitle "CB18_2024"]
[SourceDate "2024.05.01"]
[SourceVersion "1"]
[SourceVersionDate "2024.05.01"]
[SourceQuality "2"]

1. e4 c5 2. Nf3 Nc6 3. Bb5 g6 4. Bxc6 dxc6 5. d3 Bg7 6. h3 Nf6 7. Nc3 Nd7 8. Be3 e5 9. Qd2 h6 10. 0-0 b6 11. Nh2 Nf8 12. f4 exf4 13. Bxf4 Ne6 14. Be3 Nd4 15. Rae1 0-0 16. Bxh6 Qe7 17. Bxg7 Kxg7 18. Nd1 Be6 19. Ne3 Qh4 20. c3 Nb5 21. Nf5+ gxf5 22. exf5 Bxf5 23. Rxf5 Rg8 24. Re4 Qh7 25. Rxf7+ Kxf7 26. Qf4+ Kg6 27. Re6+ Kh5 28. Re5+ 1-0

[Event "ROM-ch (Women)"]
[Site "Eforie Nord"]
[Date "2024.02.26"]
[Round "4"]
[White "Trifoi, Mihaela Ioana"]
[Black "Lehaci, Miruna Daria"]
[Result "0-1"]
[WhiteElo "2003"]
[BlackElo "2227"]
[PlyCount "26"]
[EventDate "2024.02.24"]
[EventType "swiss"]
[EventRounds "9"]
[EventCountry "ROU"]
[SourceTitle "CB10_2024"]
[SourceDate "2024.03.06"]
[SourceVersion "1"]
[SourceVersionDate "2024.03.06"]
[SourceQuality "1"]

1. e4 e6 2. d4 d5 3. e5 c5 4. c3 Nc6 5. Nf3 Qb6 6. a3 f6 7. Bd3 fxe5 8. Nxe5 Nf6 9. 0-0 Be7 10. Bg5 cxd4 11. Bxf6 Bxf6 12. Qh5+ g6 13. Bxg6+ Ke7 0-1

[Event "ROM-chT (Women)"]
[Site "Eforie Nord"]
[Date "2023.09.29"]
[Round "7.4"]
[White "Maria, Lia Alexandra"]
[Black "Lehaci, Miruna Daria"]
[Result "0-1"]
[WhiteElo "1857"]
[BlackElo "2238"]
[PlyCount "128"]
[EventDate "2023.09.23"]
[EventType "team-tourn"]
[EventRounds "7"]
[EventCountry "ROU"]
[SourceTitle "EXT 2024"]
[Source "ChessBase"]
[SourceDate "2023.10.10"]
[SourceVersion "1"]
[SourceVersionDate "2023.10.10"]
[SourceQuality "1"]
[WhiteTeam "Bucharest ASE (W)"]
[BlackTeam "Iasi (W)"]
[WhiteTeamCountry "ROU"]
[BlackTeamCountry "ROU"]

1. c4 e6 2. Nf3 d5 3. g3 a6 4. b3 d4 5. Bg2 c5 6. e3 Nc6 7. exd4 cxd4 8. 0-0 Nf6 9. d3 h6 10. Re1 Be7 11. Bb2 0-0 12. Nbd2 Re8 13. a3 a5 14. Rc1 Bc5 15. Ne5 Nxe5 16. Rxe5 Qd6 17. Qe2 Nd7 18. Rh5 Qf8 19. Re1 e5 20. Bd5 g6 21. Rh4 Nf6 22. Ne4 Be7 23. Nxf6+ Bxf6 24. Rxd4 Bf5 25. Re4 Bxe4 26. Qxe4 Kh7 27. Bxb7 Rab8 28. Bc6 Red8 29. Bb5 Qd6 30. Rd1 Bg7 31. Qe1 Qc5 32. b4 axb4 33. axb4 Qc7 34. Ba6 Rd6 35. Bb5 Re6 36. Qc3 f5 37. Qb3 Qe7 38. Qa4 Reb6 39. Bc3 Qc7 40. Ba6 Ra8 41. b5 Re6 42. Ba5 Qd7 43. Qb3 Bf8 44. Bb4 f4 45. c5 Rf6 46. d4 exd4 47. Qf3 Rd8 48. c6 Qc7 49. Bd2 Bd6 50. g4 Re8 51. Qh3 Re5 52. Ra1 Bc5 53. Qf3 Bb6 54. Bb4 Re8 55. Qd5 Rd8 56. Qe4 Rf7 57. Ra3 d3 58. Rxd3 Rxd3 59. Qxd3 f3 60. Qd5 Qf4 61. Qe6 Rg7 62. Be1 Bc7 63. Bc3 Qxh2+ 64. Kf1 Qh1# 0-1

[Event "Bucharest Queens"]
[Site "Bucharest"]
[Date "2023.08.26"]
[Round "6"]
[White "Lehaci, Miruna Daria"]
[Black "Doluhanova, Evgeniya"]
[Result "1/2-1/2"]
[WhiteElo "2212"]
[BlackElo "2260"]
[PlyCount "115"]
[EventDate "2023.08.22"]
[EventType "tourn"]
[EventRounds "9"]
[EventCountry "ROU"]
[SourceTitle "CBM 215 Extra"]
[Source "ChessBase"]
[SourceDate "2023.09.30"]
[SourceVersion "1"]
[SourceVersionDate "2023.09.30"]
[SourceQuality "1"]

1. d4 Nf6 2. Nc3 d5 3. Bf4 e6 4. Nb5 Na6 5. e3 Be7 6. Nf3 0-0 7. h4 c5 8. c3 c4 9. a4 Bd7 10. Ne5 Bxb5 11. axb5 Nc7 12. g4 Nxb5 13. g5 Ne4 14. Bh3 Bd6 15. Qg4 Qe7 16. f3 Bxe5 17. Bxe5 Ned6 18. h5 Nf5 19. Kd2 Nbd6 20. Rhg1 g6 21. Qf4 Nb5 22. Bxf5 exf5 23. Rh1 a5 24. hxg6 fxg6 25. Rh6 Rf7 26. Qh4 Ra6 27. Bf6 Raxf6 28. gxf6 Qxf6 29. Rxh7 Qxh4 30. Rxh4 b6 31. Rah1 Nd6 32. Rh8+ Kg7 33. R1h7+ Kf6 34. Rxf7+ Kxf7 35. Rb8 b5 36. Ra8 a4 37. Ke2 g5 38. Kd2 g4 39. Ke2 Ke6 40. Kf2 Kd7 41. Kg3 Kc7 42. Kf4 gxf3 43. Kxf3 Ne4 44. Rh8 a3 45. bxa3 Nxc3 46. Kf4 Ne2+ 47. Kf3 Nc1 48. Rh1 Nd3 49. Ke2 f4 50. exf4 Nxf4+ 51. Kd2 Kb6 52. Rf1 Nd3 53. Kc3 Ka5 54. Rf8 b4+ 55. axb4+ Nxb4 56. Rc8 Nd3 57. Rxc4 dxc4 58. Kxc4 1/2-1/2

[Event "EU-ch (Women) 23rd"]
[Site "Petrovac"]
[Date "2023.03.19"]
[Round "2"]
[White "Lehaci, Miruna Daria"]
[Black "Arabidze, Meri"]
[Result "1/2-1/2"]
[WhiteElo "2202"]
[BlackElo "2433"]
[PlyCount "104"]
[EventDate "2023.03.18"]
[EventType "swiss"]
[EventRounds "11"]
[EventCountry "MNE"]
[SourceTitle "CBM 213 Extra"]
[Source "ChessBase"]
[SourceDate "2023.05.31"]
[SourceVersion "1"]
[SourceVersionDate "2023.05.31"]
[SourceQuality "1"]

1. e4 e5 2. Nf3 Nc6 3. Bb5 a6 4. Ba4 Nf6 5. d3 b5 6. Bb3 Bc5 7. Nc3 d6 8. Nd5 h6 9. c3 Bd7 10. h3 Ba7 11. Qe2 Rb8 12. Be3 Bxe3 13. Nxf6+ Qxf6 14. fxe3 Qd8 15. 0-0 0-0 16. Nh2 Na5 17. Bc2 c5 18. Rf3 Qh4 19. Nf1 b4 20. cxb4 Rxb4 21. b3 Nc6 22. Ng3 a5 23. Raf1 Rbb8 24. Nf5 Bxf5 25. Rxf5 Qe7 26. Bd1 Nd8 27. Qe1 Ra8 28. Bh5 f6 29. R5f2 Kh7 30. Qc3 Ne6 31. Qc4 Nc7 32. Rc2 Rfb8 33. Qc3 Rb4 34. Qe1 Ne6 35. Qg3 Nf8 36. Rcf2 a4 37. Bd1 a3 38. Qh4 d5 39. Bg4 d4 40. Qg3 dxe3 41. Qxe3 Rd4 42. Rc2 Qd6 43. Rfc1 Ra5 44. Rc3 Kg8 45. Bf5 Rb5 46. h4 Rb8 47. Kf1 Rd8 48. Ke2 Kh8 49. h5 Nh7 50. Bxh7 Kxh7 51. g4 Kh8 52. R1c2 Qd7 1/2-1/2

[Event "EU-ch Cities&Town (Women) op"]
[Site "Tornelo INT"]
[Date "2023.01.29"]
[Round "?"]
[White "Avramidou, Anastasia"]
[Black "Lehaci, Miruna Daria"]
[Result "1-0"]
[WhiteElo "2321"]
[BlackElo "2154"]
[PlyCount "55"]
[EventDate "2023.01.29"]
[EventType "team-swiss"]
[EventRounds "9"]
[EventCountry "NET"]
[SourceTitle "CBM 212 Extra"]
[Source "ChessBase"]
[SourceDate "2023.03.31"]
[SourceVersion "1"]
[SourceVersionDate "2023.03.31"]
[SourceQuality "1"]
[WhiteTeam "Thessaloniki"]
[BlackTeam "Iasi"]
[WhiteTeamCountry "GRE"]
[BlackTeamCountry "ROU"]

1. d4 d5 2. c4 e6 3. Nc3 a6 4. cxd5 exd5 5. Bf4 c6 6. e3 Bd6 7. Bxd6 Qxd6 8. Bd3 Ne7 9. Qc2 g6 10. h4 h5 11. Nge2 Bf5 12. 0-0-0 Bxd3 13. Qxd3 Nd7 14. e4 dxe4 15. Nxe4 Qc7 16. Qa3 Nf5 17. N2g3 c5 18. dxc5 0-0-0 19. Nxf5 Qf4+ 20. Qe3 Qc7 21. Nfd6+ Kb8 22. Nxf7 Rde8 23. Nxh8 Rxh8 24. Qg3 Ne5 25. Rhe1 Rc8 26. Kb1 Ka8 27. Nc3 Re8 28. f4 1-0

[Event "EU-ch Cities&Town (Women) op"]
[Site "Tornelo INT"]
[Date "2023.01.29"]
[Round "?"]
[White "Lehaci, Miruna Daria"]
[Black "Pica, Eleni"]
[Result "1-0"]
[WhiteElo "2154"]
[BlackElo "1048"]
[PlyCount "41"]
[EventDate "2023.01.29"]
[EventType "team-swiss"]
[EventRounds "9"]
[EventCountry "NET"]
[SourceTitle "CBM 212 Extra"]
[Source "ChessBase"]
[SourceDate "2023.03.31"]
[SourceVersion "1"]
[SourceVersionDate "2023.03.31"]
[SourceQuality "1"]
[WhiteTeam "Iasi"]
[BlackTeam "Nicosia"]
[WhiteTeamCountry "ROU"]
[BlackTeamCountry "CYP"]

1. e4 e5 2. Nf3 Nc6 3. Bc4 Bc5 4. c3 f5 5. d4 exd4 6. cxd4 Bb4+ 7. Bd2 Bxd2+ 8. Nbxd2 fxe4 9. Ne5 Nxe5 10. dxe5 d5 11. exd6 cxd6 12. Nxe4 Qe7 13. 0-0 Nf6 14. Nxd6+ Kf8 15. Re1 Qc7 16. Rc1 Qb6 17. Nf7 Bg4 18. Qd2 Rg8 19. Ne5 Rd8 20. Qf4 g5 21. Qg3 1-0

[Event "Sharjah Cup (Women) 12th"]
[Site "Sharjah"]
[Date "2022.12.15"]
[Round "8"]
[White "Novikova, Margarita"]
[Black "Lehaci, Miruna Daria"]
[Result "0-1"]
[WhiteElo "1982"]
[BlackElo "2155"]
[PlyCount "54"]
[EventDate "2022.12.09"]
[EventType "swiss"]
[EventRounds "9"]
[EventCountry "UAE"]
[SourceTitle "CBM 211 Extra"]
[Source "ChessBase"]
[SourceDate "2023.01.31"]
[SourceVersion "1"]
[SourceVersionDate "2023.01.31"]
[SourceQuality "1"]

1. d4 Nf6 2. Bf4 b6 3. e3 Bb7 4. Nf3 Nh5 5. Bg5 h6 6. Bh4 g5 7. Ne5 Ng7 8. Bg3 d6 9. Nf3 Nf5 10. Bb5+ Nd7 11. Qd3 e6 12. e4 Nxg3 13. hxg3 Bg7 14. Ba6 Bxa6 15. Qxa6 g4 16. Nh2 Bxd4 17. c3 Qg5 18. 0-0 Be5 19. Qb7 Rb8 20. Qxc7 h5 21. f4 gxf3 22. Nxf3 Qe3+ 23. Kh1 h4 24. gxh4 Bg3 25. Ng1 Rxh4+ 26. Nh3 Rxh3+ 27. gxh3 Qe2 0-1

[Event "EU-ch U18 Girls 30th"]
[Site "Antalya"]
[Date "2022.11.13"]
[Round "8"]
[White "Lehaci, Miruna Daria"]
[Black "Hrebenshchykova, Yelyzaveta"]
[Result "0-1"]
[WhiteElo "2115"]
[BlackElo "2296"]
[PlyCount "78"]
[EventDate "2022.11.06"]
[EventType "swiss"]
[EventRounds "9"]
[EventCountry "TUR"]
[SourceTitle "CBM 211 Extra"]
[Source "ChessBase"]
[SourceDate "2023.01.31"]
[SourceVersion "1"]
[SourceVersionDate "2023.01.31"]
[SourceQuality "1"]

1. e4 c5 2. Nf3 e6 3. d4 cxd4 4. Nxd4 Nc6 5. Nc3 d6 6. g4 Nge7 7. Be3 Nxd4 8. Bxd4 Nc6 9. Be3 Be7 10. Qd2 Qa5 11. g5 a6 12. h4 b5 13. f4 b4 14. Ne2 Bb7 15. Bg2 Rd8 16. h5 d5 17. exd5 Bc5 18. Nc1 Bxe3 19. Qxe3 Ne7 20. h6 Bxd5 21. hxg7 Rg8 22. Be4 Bxe4 23. Qxe4 Rxg7 24. Rxh7 Rxh7 25. Qxh7 Ng6 26. Qh1 b3+ 27. c3 Qc5 28. Ne2 Qe3 29. axb3 Rd5 30. Ra4 Qd2+ 31. Kf2 Qxb2 32. Qe4 Nxf4 33. Rxa6 Nd3+ 34. Kg3 Nc5 35. Ra8+ Ke7 36. Qf4 Qxe2 37. Qc7+ Nd7 38. Qd8+ Kd6 39. Ra6+ Qxa6 0-1

[Event "EU-ch U18 Girls 30th"]
[Site "Antalya"]
[Date "2022.11.12"]
[Round "7"]
[White "Nur Mukhametova, Alisa"]
[Black "Lehaci, Miruna Daria"]
[Result "1/2-1/2"]
[WhiteElo "2152"]
[BlackElo "2115"]
[PlyCount "67"]
[EventDate "2022.11.06"]
[EventType "swiss"]
[EventRounds "9"]
[EventCountry "TUR"]
[SourceTitle "CBM 211 Extra"]
[Source "ChessBase"]
[SourceDate "2023.01.31"]
[SourceVersion "1"]
[SourceVersionDate "2023.01.31"]
[SourceQuality "1"]

1. d4 d5 2. c4 dxc4 3. Nf3 Nf6 4. Qa4+ Nbd7 5. Qxc4 e6 6. Nc3 a6 7. e4 b5 8. Qd3 b4 9. Na4 Bb7 10. e5 Nd5 11. Be2 c5 12. Nxc5 Nxc5 13. dxc5 Bxc5 14. Qc4 Qb6 15. 0-0 Ne7 16. h4 Nf5 17. Qg4 h5 18. Qh3 Rd8 19. Bg5 Be7 20. Bxe7 Kxe7 21. a3 a5 22. Qh2 Rh6 23. Rfd1 Nd4 24. Nxd4 Rxd4 25. Qh3 Rg6 26. Bf3 Rf4 27. Rd6 Qa7 28. Rd3 Be4 29. Rb3 Bd5 30. Rd3 Be4 31. Rb3 Bd5 32. Rd3 Be4 33. Rb3 Bd5 34. Rd3 1/2-1/2